Geography Ending in T, Starting with A-Z - Statistics

General Stats
  • This quiz has been taken 898 times
    720 since last reset
  • The average score is 15 of 22
Answer Stats
Letter Clue Answer % Correct
F Central German city on the river Main, is a major financial hub Frankfurt
97%
E Country linking northeast Africa with the Middle East Egypt
96%
B Northern Ireland’s capital Belfast
95%
C U.S. state in southern New England Connecticut
94%
D Largest city in the midwestern state of Michigan Detroit
93%
V State in the northeastern United States Vermont
93%
R Morocco's capital Rabat
91%
K County in southeastern England Kent
85%
T Capital city of Uzbekistan Tashkent
82%
A Capital and the largest city of Turkmenistan Ashgabat
77%
M Oman’s port capital Muscat
76%
H Capital of Australia's island state of Tasmania Hobart
75%
W Island off the south coast of England, Isle of _____ Wight
72%
G Port city in northwest Belgium Ghent
70%
P The largest island of Thailand
Phuket
70%
U City in the Netherlands, known for its medieval center Utrecht
68%
S Second-largest city of Croatia Split
65%
N Capital and largest city of Mauritania Nouakchott
63%
I City in Bavaria, Germany, known for the Audi Forum Ingolstadt
23%
J City in Will and Kendall counties in the U.S. state of Illinois Joliet
23%
L Town and seaport in the Morbihan department of Brittany in western France Lorient
17%
Z City in the Netherlands, home to the Dutch F1 Grand Prix Zandvoort
17%
No matching quizzes found
Score Distribution
Percent of People with Each Score
Percentile by Number Answered
Your Score History
You have not taken this quiz since the last reset